Países con Lengua Oficial de Inglés - Estadísticas

Estadísticas generales
  • Esta prueba ha sido intentada 15 veces
  • La puntuación promedio es 19 de 40
Estadísticas de respuestas
Continente # País % Correcto
América del Norte 2 Canadá
100%
América del Norte 1 Bahamas
64%
América del Norte 1 Belice
64%
América del Norte (Caribe) 1 Granada
64%
América del Sur 1 Guyana
57%
América del Norte (Caribe) 1 San Cristóbal y Nieves
57%
América del Norte (Caribe) 1 Trinidad y Tobago
57%
América del Norte (Caribe) 1 Barbados
50%
África 2 Camerún
50%
América del Norte (Caribe) 1 Dominica
50%
América del Norte (Caribe) 1 Jamaica
50%
África 2 Kenia
50%
Oceanía 2 Kiribati
50%
África 1 Liberia
50%
Oceanía 1 Micronesia
50%
Oceanía 2 Nauru
50%
África 1 Nigeria
50%
Oceanía 2 Palaos
50%
América del Norte (Caribe) 1 Santa Lucía
50%
América del Norte (Caribe) 1 San Vicente y las G.
50%
Oceanía 2 Tonga
50%
África 2 Botsuana
43%
África 1 Ghana
43%
Oceanía 2 Islas Marshall
43%
Oceanía 4 Papúa Nueva Guinea
43%
África 4 Ruanda
43%
Oceanía 2 Samoa
43%
África 1 Sierra Leona
43%
África 1 Sudán del Sur
43%
Oceanía 3 Vanuatu
43%
África 1 Zambia
43%
África 2 Esuatini
36%
Oceanía 3 Fiyi
36%
África 1 Gambia
36%
Oceanía 1 Islas Salomón
36%
África 1 Malaui
36%
África 1 Namibia
36%
África 3 Seychelles
36%
Asia 4 Singapur
36%
África 2 Uganda
36%
No se encontraron pruebas coincidentes
Distribución de puntuación
Porcentaje de gente con cada puntuación
Porcentaje por número respondido
Historial de tus puntuaciones
No has intentado esta prueba.